000 00418nam a22001697a 4500
003 MPLRDC
005 20220104123459.0
008 210129b ||||| |||| 00| 0 eng d
082 _a528.97 LTJ c.2
100 _a李天骥、李德印著
245 _a形意拳术
_c
250 _a一版一刷
260 _a
_b人民体育出版社
_c1981
300 _b
650 _a中国武术
942 _cBK
_o528.97 LTJ c.2
999 _c11752
_d11742